000 01486nam a2200469 i 4500
001 15476
003 KOSZ 005
005 20200630094121.0
008 200417s1973 pl a f 000 0 pol
015 _aUWD 1973/4863
035 _a991033527209705066
035 _a(PL-WaBN)b18976955-48omnis_nlop
035 _ab18976955
035 _a(OCoLC)831179894
035 _a(PL)b0000001897695
035 _a(EXLNZ-48OMNIS_NETWORK)9910167072105606
040 _aWA N
_cWA N
_dKOSZ 005/RW
046 _k1973
080 _a81'25
080 _a62
100 1 _aVoellnagel, Andrzej
_d(1919- )
_eAutor
245 1 0 _aJak nie tłumaczyć tekstów technicznych /
_cAndrzej Voellnagel.
260 _aWarszawa :
_bWydawnictwa Naukowo-Techniczne,
_c1973.
300 _a167, [1] stron :
_bilustracje ;
_c22 cm.
336 _aTekst
_btxt
_2rdacontent
337 _aBez urządzenia pośredniczącego
_bn
_2rdamedia
338 _aWolumin
_bnc
_2rdacarrier
380 _aKsiążki
380 _aPoradniki i przewodniki
388 _a1901-2000
388 _a1945-1989
650 7 _aPrzekłady
650 7 _aMetody
650 7 _aTechnika
_2DBN
650 7 _aTerminologia
655 7 _aPoradnik
658 _aJęzykoznawstwo
710 2 _aWydawnictwa Naukowo-Techniczne
_4pbl
856 _uhttp://koha.tu.koszalin.pl/cgi-bin/koha/opac-detail.pl?biblionumber=15476
_yKatalog online BPK
942 _2UKD
_cKS
999 _c15476
_d15476